Circulación coronaria (Record no. 61021)
[ view plain ]
| 000 -LEADER | |
|---|---|
| campo de control de longitud fija | 00811nam a2200217 i 4500 |
| 001 - NÚMERO DE CONTROL | |
| campo de control | 61021 |
| 003 - IDENTIFICADOR DE NÚMERO DE CONTROL | |
| campo de control | ES-MaACL |
| 005 - FECHA Y HORA DE LA ÚLTIMA TRANSACCIÓN | |
| campo de control | 20230906164342.0 |
| 007 - CAMPO FIJO DE DESCRIPCIÓN FÍSICA--INFORMACIÓN GENERAL | |
| campo de control de longitud fija | t| |
| 008 - DATOS DE LONGITUD FIJA--INFORMACIÓN GENERAL | |
| campo de control de longitud fija | 031110s1968 sp ||||1| spa d |
| 100 1# - ENTRADA PRINCIPAL--NOMBRE DE PERSONA | |
| Nombre de persona | Esplugues, J. |
| 9 (RLIN) | 47936 |
| 245 10 - MENCIÓN DEL TÍTULO | |
| Título | Circulación coronaria |
| Resto del título | : aspectos fisiológicos y famacológicos / |
| Mención de responsabilidad, etc. | ponente, J. Esplugues ; colaboración de J.A. Salva, H. Bedate, A. Brugger. |
| 250 ## - MENCION DE EDICION | |
| Mención de edición | [3ª ed.]. |
| 260 ## - PUBLICACIÓN, DISTRIBUCIÓN, ETC. | |
| Lugar de publicación, distribución, etc. | Valencia : |
| Nombre del editor, distribuidor, etc. | Facultad de Medicina, Departamento de Farmacología, |
| Fecha de publicación, distribución, etc. | 1968. |
| 300 ## - DESCRIPCIÓN FÍSICA | |
| Extensión | 156 p. ; |
| Dimensiones | 24 cm. |
| 700 1# - ENTRADA AGREGADA--NOMBRE PERSONAL | |
| Nombre de persona | Salvá, J. A. |
| 9 (RLIN) | 102054 |
| 700 1# - ENTRADA AGREGADA--NOMBRE PERSONAL | |
| Nombre de persona | Bedate, Hermenegildo. |
| 9 (RLIN) | 26989 |
| 700 1# - ENTRADA AGREGADA--NOMBRE PERSONAL | |
| Nombre de persona | Brugger, A. |
| 9 (RLIN) | 32086 |
| 711 2# - ENTRADA AGREGADA--NOMBRE DE REUNIÓN | |
| Nombre de congreso/reunión o jurisdicción como elemento de entrada | Reunión de la Sociedad Española de Ciencias Fisiológicas ( |
| Número del congreso/reunión o número de parte o sección | 11º. |
| Fecha del congreso o de la firma del tratado | 1968. |
| Sede del congreso/Lugar de la reunión | Valencia) |
| 9 (RLIN) | 953 |
| 852 ## - LOCALIZACIÓN | |
| Ubicación | ES-MaACL |
| Número de control de estantería | C-34927 |
| Sublocalización o colección | R.68243 |
| Estatus retirado | Estado de pérdida | Estado de daño | No para préstamo | Biblioteca de origen | Biblioteca actual | Ubicación en estantería | Fecha de adquisición | Fuente de adquisición | Total de préstamos | Signatura topográfica completa | Código de barras | Visto por última vez | Precio de reemplazo | Tipo de ítem Koha |
|---|---|---|---|---|---|---|---|---|---|---|---|---|---|---|
| Biblioteca del Ateneo de Madrid | Biblioteca del Ateneo de Madrid | Depósito 2 | 17/01/2008 | C-34927 | 1063989 | 23/02/2023 | 23/02/2023 | Libro impreso |
